Statystyki dla Kształty stanów USA #1

Kliknij tutaj aby rozwiązać quiz!

Ogólne statystyki

  • Ten quiz został rozwiązany 106 razy
  • Średni wynik to 10 z 25

Statystyki odpowiedzi

Odpowiedź% Poprawnych
Hawaje
96%
Teksas
96%
Floryda
81%
Nevada
67%
Kolorado
61%
Tennessee
58%
Wirginia
48%
Waszyngton
45%
Kentucky
42%
Maryland
39%
Nowy Meksyk
37%
Utah
34%
Illinois
33%
Massachusetts
30%
Vermont
30%
Alabama
27%
Minnesota
27%
Montana
27%
Pennsylwania
25%
Arizona
22%
Delaware
22%
Indiana
19%
Missouri
18%
Rhode Island
10%
Arkansas
7%

Rozkład punktacji

Percentyl według liczby udzielonych odpowiedzi

Procent ludzi z każdym wynikiem

Twoja historia wyników

Nie rozwiązałeś tego quizu